000 00642nam a2200181 i 4500
001 163904
003 ES-MaACL
005 20250904002150.0
008 000104s1821 fr |||| | spa d
040 _aCCPB | B
_bspa
_cCCPB | B
245 0 0 _aRomancero e historia del Rey de EspaƱa Don Rodrigo, postrero de los Godos
_b: en lenguaje antiguo /
_crecopilado por Abel Hugo.
260 _aParis :
_b[s.n.],
_c1821 (
_fAnthe. Boucher)
300 _a96 p. ;
_c18 cm.
600 1 4 _aRodrigo
_cRey de los Visigodos.
_9156818
700 1 _aHugo, Abel,
_d1798-1855
_9128079
852 _aES-MaACL
_jD-2415
_z-- Enc. hol.
999 _c163904
_d163904